| 000 | 00487nmc a2200193 a 4500 | ||
|---|---|---|---|
| 003 | AR-X00000XY | ||
| 005 | 20251128212034.0 | ||
| 008 | 207020s1938 ||||||||||||||000 | spa|| | ||
| 040 | _cAR-X00000XY | ||
| 100 | 1 | _aSarmiento, Domingo Faustino | |
| 245 | 1 | 0 |
_aMi vida _n1 |
| 260 |
_aBuenos Aires _bAngel Estrada _c1938 |
||
| 300 | 1 |
_ax, 177 p. _cláms. |
|
| 490 | 0 |
_aColección Estrada _v1 |
|
| 655 | _aLITERATURA | ||
| 700 | 1 |
_aNoé, Julio _eeditor |
|
| 942 | _cBK | ||
| 998 | _cmartin | ||
| 999 |
_c22201 _d22201 |
||